Countries With The Lowest Citizen Taxes - Statistics

General Stats
  • This quiz has been taken 19 times
  • The average score is 5 of 10
Answer Stats
Tax % Country % Correct
0 Qatar
89%
0 United Arab Emirates
89%
0 Kuwait
83%
0 Oman
78%
0 Saudi Arabia
78%
0 Bahamas
33%
0 Brunei
33%
10 Romania
6%
7 Guatemala
0%
10 Serbia
0%
No matching quizzes found
Score Distribution
Percent of People with Each Score
Percentile by Number Answered
Your Score History
You have not taken this quiz